Mimesis, poiesis and performativity in education (Record no. 1398836)

MARC details
000 -LEADER
fixed length control field 00649nam a2200229Ia 4500
005 - DATE AND TIME OF LATEST TRANSACTION
control field 20250508170033.0
008 - FIXED-LENGTH DATA ELEMENTS--GENERAL INFORMATION
fixed length control field 008 250505s9999 xx 000 0 eng d
020 ## - INTERNATIONAL STANDARD BOOK NUMBER
International Standard Book Number 0-495-12524-5
037 ## - SOURCE OF ACQUISITION
Stock number Textual
040 ## - CATALOGING SOURCE
Original cataloging agency FEDL
Language of cataloging eng
Transcribing agency FEDL
041 ## - LANGUAGE CODE
Language code of text/sound track or separate title eng
Source of code eng
084 ## - COLON CLASSIFICATION NUMBER
Classification number 370.1, SUZ
Assigning agency FEDL
100 ## - MAIN ENTRY--PERSONAL NAME
Personal name Suzuki Shoko Ed.
9 (RLIN) 782793
245 #0 - TITLE STATEMENT
Title Mimesis, poiesis and performativity in education
260 ## - PUBLICATION, DISTRIBUTION, ETC.
Place of publication, distribution, etc. New York, USA
Name of publisher, distributor, etc. Waxmann
Date of publication, distribution, etc. 2007
300 ## - PHYSICAL DESCRIPTION
Extent 216p.
490 ## - SERIES STATEMENT
Volume/sequential designation V. 25
546 ## - LANGUAGE NOTE
Language note Gifted by Prof. Anita Rampal
700 ## - ADDED ENTRY--PERSONAL NAME
Personal name Wulf Christoph Ed.
9 (RLIN) 782794
942 ## - ADDED ENTRY ELEMENTS (KOHA)
Koha item type Textual
Classification part 370.1, SUZ
Holdings
Withdrawn status Lost status Damaged status Not for loan Home library Current library Date acquired Total Checkouts Full call number Barcode Date last seen Price effective from Koha item type
        Department of Education Library Department of Education Library 2025-05-08   370.1, SUZ EL0092498 2025-05-08 2025-05-08 Textual
Copyright @ Delhi University Library System